<?xml version="1.0" encoding="UTF-8"?>
<marc:record xmlns:marc="http://www.loc.gov/MARC21/slim">
   <marc:leader>00000nam a2200000 a 4500</marc:leader>
   <marc:datafield ind1="1" ind2=" " tag="100">
      <marc:subfield code="a">Berger, Ulrike</marc:subfield>
      <marc:subfield code="4">aut</marc:subfield>
      <marc:subfield code="e">Verfasser/-in</marc:subfield>
   </marc:datafield>
   <marc:datafield ind1=" " ind2=" " tag="653">
      <marc:subfield code="a">Naturgewalten</marc:subfield>
   </marc:datafield>
   <marc:datafield ind1="0" ind2="0" tag="245">
      <marc:subfield code="a">Warum wirbelt der Wirbelsturm</marc:subfield>
   </marc:datafield>
   <marc:datafield ind1="0" ind2="0" tag="245">
      <marc:subfield code="b">verblüffende Antworten über Naturkatastrophen</marc:subfield>
   </marc:datafield>
   <marc:datafield ind1=" " ind2="1" tag="264">
      <marc:subfield code="b">Velber-Verl.</marc:subfield>
      <marc:subfield code="c">2007</marc:subfield>
   </marc:datafield>
   <marc:datafield ind1="1" ind2=" " tag="490">
      <marc:subfield code="a">Was Kinder wissen wollen</marc:subfield>
   </marc:datafield>
   <marc:datafield ind1="1" ind2=" " tag="520">
      <marc:subfield code="a">Sie können kaum lesen, schon saugen sie alles Wissenswerte über Naturkatastrophen auf - Kinder sind immer wieder fasziniert von Katastrophen, von der unbändigen Kraft der Natur. In diesem sehr kindgerecht formulierten Sachbuch werden Orkane, Lawinen, Tornados, Erdbeben, Vulkanausbrüche usw. in Bezug auf Vorkommen und Ursachen kurz und packend erklärt und mit Hilfe eines eindrucksvollen Fotos dokumentiert, gleichzeitig wird die Gefahr angemessen verdeutlicht ohne Panik zu erzeugen. Gerade Jungen, die sonst eher Lesemuffel sind, treibt die Angstlust dazu, dieses Buch zu verschlingen.</marc:subfield>
   </marc:datafield>
   <marc:datafield ind1=" " ind2=" " tag="020">
      <marc:subfield code="a">9783866135345</marc:subfield>
      <marc:subfield code="9">9783866135345</marc:subfield>
   </marc:datafield>
</marc:record>
